Property Snapshot (Record no. 111063)
[ view plain ]
| 000 -LEADER | |
|---|---|
| fixed length control field | 01649cad a22002535a 4500 |
| 001 - CONTROL NUMBER | |
| control field | L150341 |
| 008 - FIXED-LENGTH DATA ELEMENTS--GENERAL INFORMATION | |
| fixed length control field | 100916s2010 xxkd f s 000 0 eng d |
| 035 ## - SYSTEM CONTROL NUMBER | |
| System control number | (Sirsi) u150964 |
| 041 0# - LANGUAGE CODE | |
| Language code of text/sound track or separate title | eng |
| 050 04 - LIBRARY OF CONGRESS CALL NUMBER | |
| Classification number | 333.33 $2 18 |
| 110 2# - MAIN ENTRY--CORPORATE NAME | |
| Corporate name or jurisdiction name as entry element | Colliers International |
| 9 (RLIN) | 5548 |
| 245 00 - TITLE STATEMENT | |
| Title | Property Snapshot |
| Remainder of title | August 2010 |
| Medium | [electronic resource] |
| 260 ## - PUBLICATION, DISTRIBUTION, ETC. | |
| Place of publication, distribution, etc. | London |
| Name of publisher, distributor, etc. | Colliers |
| Date of publication, distribution, etc. | 2010 |
| 490 #0 - SERIES STATEMENT | |
| Series statement | United Kingdom Property Snapshot |
| Volume/sequential designation | August 2010 |
| 520 ## - SUMMARY, ETC. | |
| Summary, etc. | Doubts about provisional GDP figures are secondary to robust service sector growth results suggesting economic momentum. Investment transactions are happening despite the summer lull with pricing remaining stable and competition keen across core and specialist markets. London continues outperforming the rest of the UK in the retail occupier market. City Grade A office demand remains healthy with the West End stable. In the logistics and industrial sector established strategic locations remain best placed to take advantage of what demand there is. Residential worst case scenario is that house prices might not reach the last market peak levels for a decade. |
| 590 ## - LOCAL NOTE (RLIN) | |
| Local note | KA |
| 650 24 - SUBJECT ADDED ENTRY--TOPICAL TERM | |
| Topical term or geographic name entry element | COLLIERS PROPERTY SNAPSHOT |
| 651 #4 - SUBJECT ADDED ENTRY--GEOGRAPHIC NAME | |
| Geographic name | United Kingdom |
| Chronological subdivision | |
| 690 ## - LOCAL SUBJECT ADDED ENTRY--TOPICAL TERM (OCLC, RLIN) | |
| Topical term or geographic name as entry element | PROPERTY-COMMERCIAL PROPERTY-COMMERCIAL PROPERTY MARKET |
| 690 ## - LOCAL SUBJECT ADDED ENTRY--TOPICAL TERM (OCLC, RLIN) | |
| Topical term or geographic name as entry element | PROPERTY-RESIDENTIAL PROPERTY-RESIDENTIAL PROPERTY MARKET |
| 690 ## - LOCAL SUBJECT ADDED ENTRY--TOPICAL TERM (OCLC, RLIN) | |
| Topical term or geographic name as entry element | PROPERTY-COMMERCIAL PROPERTY-COMMERCIAL PROPERTY FINANCE AND INVESTMENT |
| 856 40 - ELECTRONIC LOCATION AND ACCESS | |
| Uniform Resource Identifier | <a href="https://www.colliers.com/Markets/UK/content/MarketReports/ResearchReports/20100811_Property_Snapshot_Aug_2010.pdf">https://www.colliers.com/Markets/UK/content/MarketReports/ResearchReports/20100811_Property_Snapshot_Aug_2010.pdf</a> |
| Public note | View this report free of charge (PDF file) at www.colliers.com |
| 942 ## - ADDED ENTRY ELEMENTS (KOHA) | |
| Suppress in OPAC | 0 |
| Withdrawn status | Lost status | Source of classification or shelving scheme | Damaged status | Not for loan | Home library | Current library | Shelving location | Date acquired | Total Checkouts | Full call number | Barcode | Date last seen | Copy number | Price effective from | Koha item type |
|---|---|---|---|---|---|---|---|---|---|---|---|---|---|---|---|
| Dewey Decimal Classification | Virtual | Virtual | Online | 16/09/2010 | ONLINE PUBLICATION | 150964-2001 | 06/08/2019 | 1 | 06/08/2019 | Book |